| 000 | 00747nam a22002297a 4500 | ||
|---|---|---|---|
| 005 | 20250123092917.0 | ||
| 008 | 250123b mx ||||| |||| 00| 0 spa d | ||
| 020 | _a9702405513 (v.2) | ||
| 050 | 0 | 4 |
_aBJ1142 _bE83 2005 |
| 100 | 1 | _aPiña Osorio, Juan Manuel. | |
| 245 | 1 | 0 |
_aÉtica y valores _c/ Juan Manuel Piña Osorio, María Eugenia Chávez Arellano. |
| 250 | _a1a ed. | ||
| 260 |
_aMéxico : _bGrupo Patria Cultural, _c2005. |
||
| 300 |
_av. : _bil. ; _c24 cm. |
||
| 490 | 0 | _aBachillerato General. | |
| 504 | _aIncluye bibliografía y glosario. | ||
| 650 | 7 |
_2lemb _aEtica |
|
| 650 | 7 |
_2lemb _aValores (filosofía) |
|
| 650 | 4 | _aClarificación de valores | |
| 700 | 1 |
_aChávez Arellano, María Eugenia, _eautor |
|
| 942 |
_2lcc _cLIB |
||
| 999 |
_c171371 _d171369 |
||